000 00315nam a22001337a 4500
008 190206b xxu||||| |||| 00| 0 eng d
020 _a9780534931971
041 _aeng
080 _28th
_a510
100 _a38
101 _aMAT
245 _aFundamentals of Algebra and Trigonometry
_cSwokowski
942 _2udc
_cBK
999 _c54099
_d54099